The physics of laser fusion /

Bibliographic Details
Main Author: Motz, H. (Hans), -1987
Format: Book
Language:English
Published: London ; New York : Academic Press, 1979.
Subjects:

MARC

Tag First Indicator Second Indicator Subfields
LEADER 00000cam a22000008i 4500
001 in00000061723
005 20151008050604.0
008 150910s1979 enka b 00110 eng
010 |a  78067904  
015 |a GB79 
020 |a 0125093500 
035 |a (OCoLC)05172375 
035 |9 AAG1982AM 
040 |a DLC  |c DLC  |d TXA  |d UtOrBLW 
049 |a TXAM  |c [1405493] 
050 0 0 |a QC791.73  |b .M67 
082 0 |a 539.7/64 
100 1 |a Motz, H.  |q (Hans),  |d -1987. 
245 1 4 |a The physics of laser fusion /  |c H. Motz. 
263 |a 7906 
264 1 |a London ;  |a New York :  |b Academic Press,  |c 1979. 
300 |a ix, 290 pages :  |b illustrations ;  |c 24 cm. 
336 |a text  |b txt  |2 rdacontent 
337 |a unmediated  |b n  |2 rdamedia 
338 |a volume  |b nc  |2 rdacarrier 
504 |a Includes bibliographies and index. 
650 0 |a Laser fusion. 
999 |a MARS 
999 f f |s b0dc7db0-d34b-39ff-b8f3-127dc43ebeb0  |i cbb680d0-c1b6-374a-a935-2a09c000406c  |t 0 
952 f f |p ric  |a Texas A&M University  |b Rellis Campus  |c Joint Library Facility  |d Remote Storage  |t 0  |e QC791.73 .M67  |h Library of Congress classification  |i unmediated -- volume  |m A14804650684 
998 f f |a QC791.73 .M67  |t 0  |l Remote Storage